| 000 | 00554aam a2200205 4500 | ||
|---|---|---|---|
| 005 | 20231010135018.0 | ||
| 008 | 150703b xxu||||| |||| 00| 0 spa d | ||
| 041 | _aEspañol | ||
| 082 | _a155.23 R655p | ||
| 100 | _aRobbins, Anthony | ||
| 245 | _aPasos de gigante: 365 pequeños cambios en el año para hacer un gran cambio en la vida | ||
| 260 | _aEspaña | ||
| 260 | _bMondadori | ||
| 260 | _c2001 | ||
| 300 | _a270 páginas | ||
| 650 | _aSUPERACIÓN PERSONAL | ||
| 650 | _aAUTOESTIMA | ||
| 650 | _aAUTOAYUDA | ||
| 942 |
_cLIT _2ddc |
||
| 999 |
_c1580 _d1580 |
||